| 000 | 01000cam a22003011 4500 | ||
|---|---|---|---|
| 001 | 2121 | ||
| 003 | FISKH | ||
| 005 | 20231110094759.0 | ||
| 008 | 750627s1955 xx j 000 0 eng | ||
| 010 | _a 55007623 | ||
| 020 | _a9780439148023 | ||
| 035 | _a(OCoLC)1417040 | ||
| 040 |
_aDLC _cNmPE _dFBoU _dWaChenE _dDLC _beng |
||
| 042 | _apremarc | ||
| 050 | 0 | 0 |
_aPZ7.C5792 _bBe |
| 082 | _a813.54 | ||
| 100 | 1 | _aCleary, Beverly. | |
| 245 | 1 | 0 |
_aBeezus and Ramona. _cIllustrated by Louis Darling. |
| 250 | _aThis edition first printing, September 2007 | ||
| 260 |
_aNew York : _bScholastic, _c1955 |
||
| 300 |
_a159 pages : _billustrations ; _c20 cm |
||
| 505 | _aR | ||
| 520 | _aBeezus' biggest problem is her 4-year-old sister Ramona. Even though Beezus knows sisters are supposed to love each other, with a sister like Ramona, it seems impossible. | ||
| 521 | 8 |
_a780
_bLexile |
|
| 521 | 8 |
_aR
_bRaz-Plus |
|
| 906 |
_a7 _bcbc _coclcrpl _du _encip _f19 _gy-gencatlg |
||
| 942 |
_2ddc _cBK _n0 |
||
| 999 |
_c2121 _d2121 |
||